000 00688cam a2200241 4500500
005 20260405001636.0
041 _afre
042 _adc
100 1 0 _aDagognet, François
_eauthor
245 0 0 _aVivre en mourant
260 _c2013.
500 _a23
690 _aCancer
690 _aCatherine Portevin
690 _aChristopher Hitchens
690 _aFraçois Cheng
690 _aMort
690 _aRainer Maria Rilke
690 _aSophie Lacroix
690 _aTombeaux
786 0 _nPhilosophie magazine | 74 | 11 | 2013-11-01 | p. 55-58 | 1951-1787
856 4 1 _uhttps://shs.cairn.info/magazine-philosophie-magazine-2013-11-page-55?lang=fr&redirect-ssocas=7080
999 _c2049585
_d2049585